[Event "Zuerich op-B 40th"]
[Site "Zuerich"]
[Date "2016.12.29"]
[Round "5"]
[White "Kuenzi, Mark"]
[Black "Rocco, Franco"]
[Result "1-0"]
[WhiteElo "1910"]
[BlackElo "1793"]
[PlyCount "55"]
[EventDate "2016.12.26"]
[EventType "swiss"]
[EventRounds "7"]
[EventCountry "SUI"]
[SourceTitle "EXT 2019"]
[Source "ChessBase"]
[SourceDate "2018.10.10"]
[SourceVersion "1"]
[SourceVersionDate "2018.10.10"]
[SourceQuality "1"]

1. d4 c6 2. c4 d5 3. Nc3 Nf6 4. e3 Bf5 5. Nf3 Nbd7 6. cxd5 cxd5 7. Bd3 Bxd3 8. Qxd3 e6 9. 0-0 a6 10. b3 Be7 11. Bb2 0-0 12. Rfc1 Rc8 13. Rc2 Bb4 14. Rac1 Bxc3 15. Bxc3 Ne4 16. Bb4 Rxc2 17. Qxc2 Re8 18. Qc7 b6 19. Qb7 a5 20. Ba3 Nef6 21. Rc7 h6 22. Ne5 Nxe5 23. dxe5 Nd7 24. Rxd7 Qc8 25. Rxf7 Qxb7 26. Rxb7 Rc8 27. g3 Rc6 28. Bd6 1-0